00987nam a2200229 i 4500001000700000003000900007005001700016007000300033008004100036020001800077080002100095080004700116100004500163245024100208250001200449260003700461300002100498600004400519852005200563999001900615952012300634131176ES-MaACL20250920063101.0t|160125s2001 sp r ||||1| spa d a84-8191-383-9 a821.134.2-14"19" a929 Mandel'shtam, Osip Émil'evich (0:82)1 aPérez Leal, Agustín, d1965-915857210aCuarto cuaderno o Libro de Siberia : bel cual contiene la terrible y pesarosa historia del desdichado poeta Osip Emiliévich Mandelstam muerto en el campo de Vtoráia Riechka en el mes de diciembre de 1938 / cAgustín Pérez Leal. a1ª ed. aValencia : bPre-Textos, c2001. a58 p. ; c21 cm.14aMandel'shtam, Osip (d1891-1938)975952 aES-MaACLjL-30186 z.- Donat. Miguel A. Velasco c131176d131176 00104070aATENEOMbATENEOMcDEPO2d2016-01-25eDONl0oL-30186p1194631r2023-02-23 00:00:00w2023-02-23yMONOGRAFIA